| 000 | 00517 a2200169 4500 | ||
|---|---|---|---|
| 999 |
_c41340 _d41340 |
||
| 003 | OSt | ||
| 005 | 20210706122330.0 | ||
| 008 | 210706b ||||| |||| 00| 0 eng d | ||
| 020 | _a9781637453964 | ||
| 040 | _cOCLC | ||
| 082 |
_a809.3 _bGHA/T |
||
| 100 |
_98643 _aGhafoor, Fazal _cDR. |
||
| 245 |
_aTreading the beaten path : _b a journey through India / _cDr. Fazal Ghafoor |
||
| 260 |
_aChennai: _bNotion Press, _cc2020 |
||
| 300 | _a249 pages | ||
| 942 |
_2ddc _cBK _h809.3 _iGHA/T _k809.3 _mGHA/T |
||